00882cam4a220025300 4500001001200000008004100012010001600053035002000069035002100089035002200110043001200132050002800144082001200172100003100184245004600215250001400261260003800275500002000313504003000333651016300363949007600526004000700602999001900609lce00566977720919s1964 pau b 000 0 eng  a 63-20396 a(Sirsi) r103238 a(DLC) 63020396 a(UPRA)lce00566977 ae-fr---0 a DC 193.8 Loo 1964b.L6 a944.O441 aLoomis, Stanley.6A60731.110aParis in the terror: June 1793-July 1794. a[1st ed.] aPhiladelphia,bLippincott,c1964. aIncludes index. aBibliography: p. 405-408. 0aFrance -- History -- Reign of Terror, 1793-1794.xFrance -- History -- Reign of Terror, 1793-1794.yFrance -- History -- Reign of Terror, 1793-1794.6S30280.1 a DC 193.8 Loo 1964wlccc 1i33729000039847mMAINp2500tBOOKlON-SHELF103238 c161215d161215